[Event "FIDE Zonal 2.5 Open 2019"]
[Site "Montevideo"]
[Date "2019.04.14"]
[Round "2.20"]
[White "Palacio, Enzo"]
[Black "Sosa Macho, Juan Manuel"]
[Result "0-1"]
[WhiteElo "1745"]
[BlackElo "2076"]
[Annotator "NA"]
[PlyCount "150"]
[EventDate "2019.04.13"]
[EventType "swiss"]
[EventCountry "URU"]
[SourceTitle "playchess.com"]
[Source "ChessBase"]
[SourceQuality "1"]
[TimeControl "40/5400+30:1800+30"]

1. e4 {[%emt 0:00:00]} c5 {[%emt 0:00:00]} 2. Nf3 {[%emt 0:00:00]} Nc6 {[%emt 0:00:00]} 3. d4 {[%emt 0:00:00]} cxd4 {[%emt 0:00:00]} 4. Nxd4 {[%emt 0:00:00]} g6 {[%emt 0:00:06]} 5. c4 {[%emt 0:02:27]} Bg7 {[%emt 0:00:30]} 6. Be3 {[%emt 0:00:03]} Nf6 {[%emt 0:00:47]} 7. Nc3 {[%emt 0:00:04]} O-O {[%emt 0:00:21]} 8. Be2 {[%emt 0:00:08]} d6 {[%emt 0:00:48]} 9. O-O {[%emt 0:00:07]} Bd7 {[%emt 0:00:05]} 10. Qd2 {[%emt 0:02:51]} Ng4 {[%emt 0:00:55]} 11. Bxg4 {[%emt 0:03:46]} Bxg4 {[%emt 0:04:13]} 12. f3 {[%emt 0:00:57]} Bd7 {[%emt 0:00:33]} 13. Rfd1 {[%emt 0:00:57]} f5 $14 {[%emt 0:01:18]} 14. exf5 {[%emt 0:15:01]} gxf5 {[%emt 0:00:13]} 15. Nde2 {[%emt 0:12:12]} b6 {[%emt 0:03:37]} 16. Bh6 {[%emt 0:11:08]} Bxh6 {[%emt 0:00:42]} 17. Qxh6 {[%emt 0:00:04]} Rf6 {[%emt 0:00:13]} 18. Qh4 {[%emt 0:02:37]} Qf8 {[%emt 0:00:32]} 19. Nd4 {[%emt 0:17:19]} Ne5 {[%emt 0:00:30]} 20. Nd5 {[%emt 0:00:46]} Rf7 {[%emt 0:00:26]} 21. Nc7 {[%emt 0:04:55]} Rb8 {[%emt 0:04:32]} 22. Nce6 {[%emt 0:02:38]} Qc8 {[%emt 0:00:30]} 23. Ng5 {[%emt 0:05:05]} Rg7 {[%emt 0:00:22]} 24. Rac1 {[%emt 0:00:48]} Kh8 {[%emt 0:00:50]} 25. Kh1 {[%emt 0:01:09]} Qg8 {[%emt 0:00:15]} 26. f4 {[%emt 0:01:34]} Ng6 {[%emt 0:01:18]} 27. Qf2 {[%emt 0:01:16]} Nxf4 {[%emt 0:00:32]} 28. Qxf4 {[%emt 0:05:02]} Rxg5 {[%emt 0:03:54]} 29. Nf3 {[%emt 0:00:56]} Rg4 {[%emt 0:01:31]} 30. Qe3 {[%emt 0:02:10]} Qg7 {[%emt 0:01:11]} 31. Rd2 {[%emt 0:04:49]} Rg8 {[%emt 0:00:41]} 32. Qe2 {[%emt 0:01:50]} Bc6 {[%emt 0:01:02]} 33. Rg1 {[%emt 0:00:56]} Qh6 {[%emt 0:02:10]} 34. Rc2 {[%emt 0:01:30]} Be4 {[%emt 0:00:37]} 35. Rc3 {[%emt 0:01:04]} R8g6 {[%emt 0:01:46]} 36. Qf2 {[%emt 0:00:41]} Qf4 {[%emt 0:00:47]} 37. g3 {[%emt 0:00:54]} Qh6 {[%emt 0:01:36]} 38. Re3 {[%emt 0:00:29]} Qh5 {[%emt 0:02:14]} 39. Rg2 {[%emt 0:00:40]} Bb7 {[%emt 0:02:41]} 40. Rxe7 {[%emt 0:00:23]} Bc6 {[%emt 0:00:48]} 41. Rc7 {[%emt 0:30:25]} Rxc4 {[%emt 0:30:23]} 42. Rc8+ {[%emt 0:00:00]} Rg8 {[%emt 0:00:00]} 43. Rxc6 {[%emt 0:00:00]} Rxc6 {[%emt 0:00:00]} 44. Rg1 {[%emt 0:00:00]} Qg4 {[%emt 0:00:00]} 45. Re1 {[%emt 0:00:00]} Rgc8 {[%emt 0:00:00]} 46. Re2 {[%emt 0:00:00]} Qc4 {[%emt 0:00:00]} 47. Kg2 {[%emt 0:00:00]} Qd5 {[%emt 0:00:00]} 48. Rd2 {[%emt 0:00:00]} Qf7 {[%emt 0:00:00]} 49. Ng5 {[%emt 0:00:00]} Qf6 {[%emt 0:00:00]} 50. Ne4 {[%emt 0:00:00]} Qe5 {[%emt 0:00:00]} 51. Ng5 {[%emt 0:00:00]} Kg7 {[%emt 0:00:00]} 52. Re2 {[%emt 0:00:00]} Qf6 {[%emt 0:00:00]} 53. Ne6+ {[%emt 0:00:00]} Kh8 {[%emt 0:00:00]} 54. g4 {[%emt 0:00:00]} Rg8 {[%emt 0:00:00]} 55. g5 {[%emt 0:00:00]} h6 {[%emt 0:00:00]} 56. Qh4 {[%emt 0:00:00]} Rxg5+ {[%emt 0:00:00]} 57. Nxg5 {[%emt 0:00:00]} Qxg5+ {[%emt 0:00:00]} 58. Qxg5 {[%emt 0:01:45]} hxg5 {[%emt 0:00:00]} 59. h4 {[%emt 0:00:14]} g4 {[%emt 0:00:00]} 60. Kg3 {[%emt 0:00:16]} Kg7 {[%emt 0:00:00]} 61. Re7+ {[%emt 0:00:33]} Kf6 {[%emt 0:00:00]} 62. Rxa7 {[%emt 0:00:05]} Rc2 {[%emt 0:00:00]} 63. b4 {[%emt 0:01:00]} Rc3+ {[%emt 0:00:00]} 64. Kg2 {[%emt 0:00:30]} Ke5 {[%emt 0:00:00]} 65. a4 {[%emt 0:00:16]} Kf4 {[%emt 0:00:00]} 66. a5 {[%emt 0:00:12]} bxa5 {[%emt 0:00:00]} 67. Rxa5 {[%emt 0:00:10]} Rc2+ {[%emt 0:00:00]} 68. Kf1 {[%emt 0:00:07]} Rb2 {[%emt 0:00:00]} 69. Rd5 {[%emt 0:00:38]} Rxb4 {[%emt 0:00:00]} 70. Rxd6 {[%emt 0:00:04]} Kg3 {[%emt 0:00:00]} 71. h5 {[%emt 0:00:44]} f4 {[%emt 0:00:00]} 72. Rf6 {[%emt 0:03:41]} f3 {[%emt 0:00:00]} 73. Ke1 {[%emt 0:00:04]} Rb1+ {[%emt 0:00:00]} 74. Kd2 {[%emt 0:00:09]} f2 {[%emt 0:00:00]} 75. Ke2 {[%emt 0:00:08]} Re1+ {[%emt 0:00:00]} 0-1

[Event "FIDE Zonal 2.5 Open 2019"]
[Site "Montevideo"]
[Date "2019.04.14"]
[Round "2.21"]
[White "Pichuaga, Juan Pablo"]
[Black "Campora, Edgardo"]
[Result "1-0"]
[WhiteElo "2021"]
[BlackElo "1705"]
[Annotator "NA"]
[PlyCount "65"]
[EventDate "2019.04.13"]
[EventType "swiss"]
[EventCountry "URU"]
[SourceTitle "playchess.com"]
[Source "ChessBase"]
[SourceQuality "1"]
[TimeControl "40/5400+30:1800+30"]

1. e4 e5 2. Nf3 Nc6 3. Bb5 a6 4. Bxc6 dxc6 {[%emt 0:05:48]} 5. d3 Bd6 {[%emt 0:00:17]} 6. Be3 {[%emt 0:00:59]} Nf6 {[%emt 0:00:30] LiveBook: 4 Games} 7. Nbd2 {[%emt 0:00:30]} Qe7 $11 {[%emt 0:00:30]} 8. O-O {[%emt 0:00:30]} O-O {[%emt 0:00:30]} 9. h3 {[%emt 0:00:30]} h6 10. Nh2 {[%emt 0:10:55]} Bc5 {[%emt 0:38:26]} 11. Nc4 {[%emt 0:00:30]} Be6 {[%emt 0:07:05]} 12. Bxc5 {[%emt 0:03:53]} Qxc5 {[%emt 0:00:30]} 13. Ne3 {[%emt 0:00:30]} Rad8 {[%emt 0:10:46]} 14. Qe2 {[%emt 0:04:42]} g6 15. Nhg4 {[%emt 0:07:23]} Nxg4 {[%emt 0:10:16]} 16. hxg4 {[%emt 0:02:28]} Kg7 {[%emt 0:00:30]} 17. Qf3 {[%emt 0:00:30]} Qe7 {[%emt 0:08:58]} 18. g3 {[%emt 0:25:49]} Rh8 {[%emt 0:00:50]} 19. Kg2 {[%emt 0:00:59]} h5 {[%emt 0:04:58]} 20. Rh1 Bxg4 {[%emt 0:00:02]} 21. Nxg4 {[%emt 0:01:19]} hxg4 {[%emt 0:00:03]} 22. Qxg4 {[%emt 0:00:20]} Rxh1 {[%emt 0:00:03]} 23. Rxh1 {[%emt 0:01:02]} Rh8 {[%emt 0:00:09]} 24. Rxh8 {[%emt 0:00:27]} Kxh8 {[%emt 0:10:54]} 25. Qc8+ {[%emt 0:00:28]} Kg7 {[%emt 0:00:24]} 26. Qxb7 {[%emt 0:02:57]} Qc5 {[%emt 0:00:32]} 27. Qxa6 {[%emt 0:00:18]} Qxc2 {[%emt 0:00:40]} 28. Qa3 {[%emt 0:00:23]} Kf6 {[%emt 0:00:07]} 29. Qc3 {[%emt 0:00:53]} Qa4 {[%emt 0:01:09]} 30. Qc4 {[%emt 0:14:24]} Qd1 {[%emt 0:00:28]} 31. Qxc6+ {[%emt 0:00:35]} Kg5 {[%emt 0:00:23]} 32. Qc5 {[%emt 0:00:58]} f6 33. Qe3+ 1-0

[Event "FIDE Zonal 2.5 Open 2019"]
[Site "Montevideo"]
[Date "2019.04.14"]
[Round "2.22"]
[White "Lanaro, Emilio"]
[Black "Suarez, Pedro"]
[Result "0-1"]
[WhiteElo "1694"]
[BlackElo "2019"]
[Annotator "NA"]
[PlyCount "56"]
[EventDate "2019.04.13"]
[EventType "swiss"]
[EventCountry "URU"]
[SourceTitle "playchess.com"]
[Source "ChessBase"]
[SourceQuality "1"]
[TimeControl "40/5400+30:1800+30"]

1. e4 {[%emt 0:00:00]} d6 {[%emt 0:00:01]} 2. d4 {[%emt 0:00:00]} Nf6 {[%emt 0:00:26]} 3. Nc3 {[%emt 0:00:00]} Nbd7 {[%emt 0:00:08]} 4. Nf3 {[%emt 0:00:57]} e5 {[%emt 0:00:09]} 5. g4 {[%emt 0:00:18]} g6 {[%emt 0:02:28]} 6. g5 {[%emt 0:14:50]} Nh5 $1 {[%emt 0:03:16] LiveBook: 53 Games} 7. Be3 {[%emt 0:03:06]} Bg7 {[%emt 0:00:52]} 8. Qd2 $11 {[%emt 0:04:23]} O-O {[%emt 0:01:00]} 9. O-O-O {[%emt 0:07:52]} Nb6 {[%emt 0:09:27]} 10. Be2 {[%emt 0:14:32]} Be6 {[%emt 0:06:43]} 11. d5 {[%emt 0:10:20]} Bg4 {[%emt 0:02:32]} 12. b3 {[%emt 0:03:30]} Nf4 {[%emt 0:22:22]} 13. Rdg1 {[%emt 0:16:56]} Nxe2+ {[%emt 0:03:25]} 14. Qxe2 {[%emt 0:02:00]} Bh5 {[%emt 0:00:16]} 15. Bxb6 {[%emt 0:11:43]} axb6 {[%emt 0:00:12]} 16. Qe3 {[%emt 0:03:06]} f5 {[%emt 0:05:42]} 17. Nd2 {[%emt 0:00:51]} fxe4 {[%emt 0:13:27]} 18. Ncxe4 {[%emt 0:00:09]} Rxa2 {[%emt 0:02:04]} 19. Ng3 {[%emt 0:02:02]} Bg4 {[%emt 0:03:26]} 20. f3 {[%emt 0:02:07]} Ra1+ {[%emt 0:00:20]} 21. Kb2 {[%emt 0:01:00]} Rxg1 {[%emt 0:00:26]} 22. Rxg1 {[%emt 0:00:25]} Bxf3 {[%emt 0:03:40]} 23. Nge4 {[%emt 0:00:45]} Bxe4 {[%emt 0:00:40]} 24. Nxe4 {[%emt 0:00:12]} Rf4 {[%emt 0:00:20]} 25. Rg2 {[%emt 0:00:46]} Qf8 {[%emt 0:00:38]} 26. Rf2 {[%emt 0:00:15]} Qf5 {[%emt 0:01:16]} 27. Rxf4 {[%emt 0:00:53]} exf4+ {[%emt 0:00:03]} 28. Nf6+ {[%emt 0:00:24]} Bxf6+ {[%emt 0:00:03]} 0-1

[Event "FIDE Zonal 2.5 Open 2019"]
[Site "Montevideo"]
[Date "2019.04.14"]
[Round "2.23"]
[White "Reolon, Victor"]
[Black "Gaye, Gustavo"]
[Result "0-1"]
[WhiteElo "1659"]
[BlackElo "2000"]
[Annotator "NA"]
[PlyCount "116"]
[EventDate "2019.04.13"]
[EventType "swiss"]
[EventCountry "URU"]
[SourceTitle "playchess.com"]
[Source "ChessBase"]
[SourceQuality "1"]
[TimeControl "40/5400+30:1800+30"]

1. d4 {[%emt 0:00:00]} c5 {[%emt 0:01:57]} 2. Nf3 {[%emt 0:04:15]} cxd4 {[%emt 0:00:29]} 3. Qxd4 {[%emt 0:03:55]} Nc6 {[%emt 0:00:34]} 4. Qa4 {[%emt 0:01:18]} g6 {[%emt 0:02:22]} 5. g3 {[%emt 0:06:17]} Bg7 {[%emt 0:00:20]} 6. Bg2 {[%emt 0:00:08]} Nf6 {[%emt 0:00:48]} 7. O-O {[%emt 0:01:29]} O-O $11 {[%emt 0:00:26]} 8. c3 {[%emt 0:04:37]} d6 {[%emt 0:03:19]} 9. e4 {[%emt 0:08:43]} Bd7 {[%emt 0:03:08]} 10. Na3 {[%emt 0:10:32]} a6 {[%emt 0:04:17]} 11. Re1 {[%emt 0:04:48]} Qc7 {[%emt 0:05:22]} 12. Bd2 {[%emt 0:10:20]} Rac8 {[%emt 0:09:00]} 13. Rac1 {[%emt 0:01:52]} h6 {[%emt 0:05:44]} 14. Qc2 {[%emt 0:05:29]} b5 {[%emt 0:05:44]} 15. b4 {[%emt 0:08:34]} Be6 {[%emt 0:06:34]} 16. c4 {[%emt 0:04:29]} bxc4 {[%emt 0:09:29]} 17. Nxc4 {[%emt 0:13:15]} Nxb4 {[%emt 0:02:45]} 18. Bxb4 {[%emt 0:00:18]} Qxc4 {[%emt 0:00:21]} 19. Qxc4 {[%emt 0:01:55]} Rxc4 {[%emt 0:00:14]} 20. Rxc4 {[%emt 0:00:42]} Bxc4 {[%emt 0:00:02]} 21. a3 {[%emt 0:01:10]} Ng4 {[%emt 0:05:42]} 22. Rc1 {[%emt 0:02:22]} Rc8 {[%emt 0:02:45]} 23. Nd2 {[%emt 0:01:22]} Be6 {[%emt 0:00:43]} 24. Rxc8+ {[%emt 0:00:23]} Bxc8 {[%emt 0:00:02]} 25. Nb3 {[%emt 0:02:14]} Be6 {[%emt 0:02:29]} 26. Bh3 {[%emt 0:00:53]} Bxb3 {[%emt 0:01:26]} 27. Bxg4 {[%emt 0:00:03]} Bc4 {[%emt 0:00:12]} 28. Bd7 {[%emt 0:00:52]} Bd4 {[%emt 0:01:05]} 29. a4 {[%emt 0:01:00]} Kg7 {[%emt 0:02:13]} 30. Kg2 {[%emt 0:00:24]} Bc5 {[%emt 0:04:31]} 31. Bc3+ {[%emt 0:00:28]} e5 {[%emt 0:03:06]} 32. f4 {[%emt 0:00:23]} f6 {[%emt 0:00:13]} 33. fxe5 {[%emt 0:00:56]} dxe5 {[%emt 0:06:17]} 34. g4 {[%emt 0:00:44]} Kf7 {[%emt 0:00:43]} 35. h3 {[%emt 0:00:11]} Bd4 {[%emt 0:02:25]} 36. Bb4 {[%emt 0:00:23]} Bd3 {[%emt 0:01:57]} 37. Kf3 {[%emt 0:00:57]} Bc4 {[%emt 0:03:10]} 38. Kg2 {[%emt 0:00:13]} Be2 {[%emt 0:02:16]} 39. Bd2 {[%emt 0:00:53]} g5 {[%emt 0:02:40]} 40. Bb4 {[%emt 0:00:18]} h5 {[%emt 0:00:24]} 41. gxh5 {[%emt 0:30:07]} Bxh5 {[%emt 0:30:14]} 42. Bc6 {[%emt 0:00:45]} Be2 {[%emt 0:00:51]} 43. Bd7 {[%emt 0:00:00]} Bc4 {[%emt 0:00:00]} 44. Bc6 {[%emt 0:00:00]} Bd3 {[%emt 0:00:00]} 45. Kf3 {[%emt 0:00:00]} f5 {[%emt 0:00:00]} 46. Bd2 {[%emt 0:00:00]} Kg6 {[%emt 0:00:00]} 47. Be8+ {[%emt 0:00:00]} Kf6 {[%emt 0:00:00]} 48. Bc6 {[%emt 0:00:00]} Bc2 {[%emt 0:00:00]} 49. Ba5 {[%emt 0:00:46]} Bc5 {[%emt 0:00:00]} 50. Bd8+ {[%emt 0:01:46]} Be7 {[%emt 0:00:00]} 51. Bxe7+ {[%emt 0:00:56]} Kxe7 {[%emt 0:00:00]} 52. a5 {[%emt 0:01:16]} Bxe4+ {[%emt 0:00:00]} 53. Bxe4 {[%emt 0:00:53]} fxe4+ {[%emt 0:00:00]} 54. Ke3 {[%emt 0:00:48]} Kd6 {[%emt 0:00:00]} 55. Kxe4 {[%emt 0:00:24]} Ke6 {[%emt 0:00:00]} 56. Ke3 {[%emt 0:00:30]} Kf5 {[%emt 0:00:00]} 57. Kf3 {[%emt 0:00:18]} e4+ {[%emt 0:00:00]} 58. Ke3 {[%emt 0:00:14]} Ke5 {[%emt 0:00:00]} 0-1

[Event "FIDE Zonal 2.5 Open 2019"]
[Site "Montevideo"]
[Date "2019.04.14"]
[Round "2.24"]
[White "Curia, Santiago Jose"]
[Black "Manteiga, Franco"]
[Result "1-0"]
[WhiteElo "1989"]
[BlackElo "1684"]
[Annotator "NA"]
[PlyCount "63"]
[EventDate "2019.04.13"]
[EventType "swiss"]
[EventCountry "URU"]
[SourceTitle "playchess.com"]
[Source "ChessBase"]
[SourceQuality "1"]
[TimeControl "40/5400+30:1800+30"]

1. e4 c5 {[%emt 0:00:00]} 2. c3 {[%emt 0:02:27]} Nf6 {[%emt 0:00:00]} 3. e5 {[%emt 0:00:07]} Nd5 {[%emt 0:00:13]} 4. Bc4 {[%emt 0:00:07]} Nb6 {[%emt 0:03:42]} 5. Bb3 {[%emt 0:06:08]} Nc6 {[%emt 0:13:45]} 6. d4 {[%emt 0:00:43]} cxd4 {[%emt 0:02:40]} 7. cxd4 {[%emt 0:04:29]} d5 $11 {[%emt 0:16:44]} 8. Nc3 {[%emt 0:00:47]} e6 {[%emt 0:02:26]} 9. Nf3 {[%emt 0:02:41]} Be7 {[%emt 0:13:33]} 10. Bc2 {[%emt 0:01:04]} Bd7 {[%emt 0:04:35]} 11. a3 {[%emt 0:02:21]} a6 {[%emt 0:02:47]} 12. O-O {[%emt 0:01:08]} Rc8 {[%emt 0:10:49]} 13. Re1 {[%emt 0:05:21]} Na5 {[%emt 0:01:48]} 14. Qd3 {[%emt 0:01:55]} Qc7 {[%emt 0:04:15]} 15. Nd2 {[%emt 0:00:47]} Nac4 {[%emt 0:03:09]} 16. Nxc4 {[%emt 0:00:22]} Nxc4 {[%emt 0:02:02]} 17. Qg3 {[%emt 0:12:52]} g6 {[%emt 0:04:50]} 18. Bd3 Nxa3 {[%emt 0:00:15]} 19. Nxd5 {[%emt 0:06:38]} exd5 {[%emt 0:02:05]} 20. bxa3 {[%emt 0:00:20]} Qc3 {[%emt 0:01:57]} 21. Bh6 {[%emt 0:03:25]} Bxa3 {[%emt 0:05:34]} 22. Rad1 {[%emt 0:03:18]} b5 {[%emt 0:02:22]} 23. Re3 {[%emt 0:00:10]} Bc1 {[%emt 0:01:16]} 24. e6 Bxe3 {[%emt 0:00:13]} 25. exd7+ {[%emt 0:00:41]} Kxd7 26. fxe3 {[%emt 0:01:47]} Rhe8 {[%emt 0:01:15]} 27. Qf3 Qb3 {[%emt 0:00:02]} 28. Qxf7+ {[%emt 0:03:05]} Re7 29. Qf1 {[%emt 0:00:27]} Rc3 {[%emt 0:01:37]} 30. Bg5 {[%emt 0:00:39]} Re6 31. Qf7+ {[%emt 0:00:07]} Kd6 {[%emt 0:00:55]} 32. Bf4+ 1-0

[Event "FIDE Zonal 2.5 Open 2019"]
[Site "Montevideo"]
[Date "2019.04.14"]
[Round "2.25"]
[White "Romero, Robert"]
[Black "Lanzilotta, Marcelo"]
[Result "0-1"]
[WhiteElo "1599"]
[BlackElo "1972"]
[Annotator "NA"]
[PlyCount "110"]
[EventDate "2019.04.13"]
[EventType "swiss"]
[EventCountry "URU"]
[SourceTitle "playchess.com"]
[Source "ChessBase"]
[SourceQuality "1"]
[TimeControl "40/5400+30:1800+30"]

1. e4 {[%emt 0:00:00]} c5 {[%emt 0:20:09]} 2. Nf3 {[%emt 0:00:17]} d6 {[%emt 0:00:29]} 3. d4 {[%emt 0:00:10]} cxd4 {[%emt 0:00:06]} 4. Nxd4 {[%emt 0:00:08]} Nf6 {[%emt 0:00:07]} 5. Nc3 {[%emt 0:00:09]} g6 {[%emt 0:00:05]} 6. Bg5 {[%emt 0:02:05]} Bg7 {[%emt 0:00:03]} 7. h4 {[%emt 0:02:35]} Nc6 {[%emt 0:00:19]} 8. Nxc6 {[%emt 0:17:14]} bxc6 {[%emt 0:00:02]} 9. Bd3 {[%emt 0:00:12]} Rb8 {[%emt 0:00:45]} 10. Rb1 {[%emt 0:00:09]} Be6 {[%emt 0:00:16]} 11. O-O {[%emt 0:03:06]} Qa5 {[%emt 0:00:34]} 12. a3 {[%emt 0:01:04]} O-O {[%emt 0:00:10]} 13. Re1 {[%emt 0:11:11]} Rb7 {[%emt 0:02:44]} 14. Bd2 {[%emt 0:04:49]} Qc7 {[%emt 0:02:42]} 15. Bf4 {[%emt 0:01:29]} Rfb8 {[%emt 0:01:31]} 16. b3 {[%emt 0:01:45]} Nd7 {[%emt 0:02:06]} 17. Na4 {[%emt 0:05:58]} a5 {[%emt 0:11:14]} 18. h5 {[%emt 0:01:24]} c5 {[%emt 0:01:39]} 19. hxg6 {[%emt 0:04:22]} hxg6 {[%emt 0:00:24]} 20. Ba6 {[%emt 0:01:13]} Ra7 {[%emt 0:00:38]} 21. Qd3 {[%emt 0:06:19]} g5 {[%emt 0:18:35]} 22. Bg3 {[%emt 0:01:41]} Be5 {[%emt 0:01:16]} 23. Bc4 {[%emt 0:03:05]} Bxc4 {[%emt 0:02:25]} 24. bxc4 {[%emt 0:02:19]} Rab7 {[%emt 0:01:07]} 25. Rxb7 {[%emt 0:00:42]} Rxb7 {[%emt 0:07:13]} 26. Nc3 {[%emt 0:00:07]} Bxc3 {[%emt 0:00:05]} 27. Qxc3 {[%emt 0:00:09]} f6 {[%emt 0:01:29]} 28. f4 {[%emt 0:00:52]} gxf4 {[%emt 0:08:50]} 29. Bxf4 {[%emt 0:00:10]} Ne5 {[%emt 0:00:59]} 30. Qg3+ {[%emt 0:05:55]} Kf7 {[%emt 0:00:04]} 31. Qh3 {[%emt 0:01:19]} Ke8 {[%emt 0:03:54]} 32. Bxe5 {[%emt 0:01:24]} fxe5 {[%emt 0:02:01]} 33. Qe6 {[%emt 0:00:44]} Qc6 {[%emt 0:02:08]} 34. Re3 {[%emt 0:01:45]} Kd8 {[%emt 0:03:11]} 35. g4 {[%emt 0:04:53]} Qd7 {[%emt 0:00:49]} 36. Qxd7+ {[%emt 0:02:27]} Kxd7 {[%emt 0:00:01]} 37. g5 {[%emt 0:00:50]} Ke6 {[%emt 0:00:30]} 38. Rf3 {[%emt 0:00:09]} Rb8 {[%emt 0:00:02]} 39. Kg2 {[%emt 0:01:09]} Rg8 {[%emt 0:00:34]} 40. Rg3 {[%emt 0:00:13]} Kf7 {[%emt 0:00:22]} 41. Rf3+ {[%emt 0:34:49]} Kg6 {[%emt 0:32:02]} 42. Rb3 {[%emt 0:01:39]} Rf8 {[%emt 0:01:47]} 43. Rb7 {[%emt 0:00:35]} Kxg5 {[%emt 0:01:09]} 44. Rxe7 {[%emt 0:00:27]} Kf4 {[%emt 0:00:02]} 45. Ra7 {[%emt 0:00:46]} Kxe4 {[%emt 0:00:07]} 46. Rxa5 {[%emt 0:00:31]} Kd4 {[%emt 0:00:02]} 47. Ra6 {[%emt 0:01:01]} Rf6 {[%emt 0:00:07]} 48. a4 {[%emt 0:00:23]} e4 {[%emt 0:00:02]} 49. Rb6 {[%emt 0:00:19]} e3 {[%emt 0:02:49]} 50. Rb1 {[%emt 0:00:15]} Kxc4 {[%emt 0:01:56]} 51. a5 {[%emt 0:00:11]} d5 {[%emt 0:00:04]} 52. Rb6 {[%emt 0:05:53]} Rf2+ {[%emt 0:00:18]} 53. Kg1 {[%emt 0:00:26]} Rxc2 {[%emt 0:00:03]} 54. Rb1 {[%emt 0:00:55]} Ra2 {[%emt 0:00:29]} 55. Rc1+ {[%emt 0:00:06]} Kd4 {[%emt 0:00:09]} 0-1

[Event "FIDE Zonal 2.5 Open 2019"]
[Site "Montevideo"]
[Date "2019.04.14"]
[Round "2.26"]
[White "Prieto Perez, Rodrigo"]
[Black "Moccero, Eduardo"]
[Result "0-1"]
[WhiteElo "2037"]
[BlackElo "1939"]
[Annotator "NA"]
[PlyCount "66"]
[EventDate "2019.04.13"]
[EventType "swiss"]
[EventCountry "URU"]
[SourceTitle "playchess.com"]
[Source "ChessBase"]
[SourceQuality "1"]
[TimeControl "40/5400+30:1800+30"]

1. e4 {[%emt 0:00:00]} d5 {[%emt 0:00:00]} 2. exd5 {[%emt 0:00:00]} Qxd5 {[%emt 0:00:00]} 3. Nc3 {[%emt 0:00:00]} Qa5 {[%emt 0:00:00]} 4. d4 {[%emt 0:00:02]} Nf6 {[%emt 0:00:13] LiveBook: 3334 Games} 5. Bd2 {[%emt 0:02:28]} Bf5 {[%emt 0:09:41]} 6. Qf3 {[%emt 0:02:43]} Bc8 {[%emt 0:02:14]} 7. Bc4 c6 8. Nd5 {[%emt 0:04:33]} Qd8 {[%emt 0:00:54]} 9. Nxf6+ {[%emt 0:00:16]} gxf6 {[%emt 0:00:13]} 10. Ne2 {[%emt 0:06:12]} e6 $18 {[%emt 0:02:34]} 11. O-O-O {[%emt 0:02:59]} Be7 {[%emt 0:08:03]} 12. Rhe1 Na6 {[%emt 0:04:28]} 13. Bxa6 {[%emt 0:03:28]} bxa6 {[%emt 0:00:19]} 14. Qxc6+ {[%emt 0:00:40]} Bd7 {[%emt 0:00:06]} 15. Qxa6 Qc7 16. Bf4 {[%emt 0:04:44]} e5 {[%emt 0:03:35]} 17. Bg3 {[%emt 0:01:12]} Rb8 {[%emt 0:02:43]} 18. d5 {[%emt 0:03:45]} Bd6 {[%emt 0:03:52]} 19. f4 {[%emt 0:06:41]} Bb5 {[%emt 0:00:46]} 20. Qxd6 {[%emt 0:06:44]} Qxd6 {[%emt 0:00:16]} 21. fxe5 {[%emt 0:00:12]} fxe5 {[%emt 0:00:59]} 22. Bxe5 Qxe5 {[%emt 0:01:35]} 23. Nf4 {[%emt 0:01:06]} Qxe1 {[%emt 0:00:30]} 24. Rxe1+ {[%emt 0:00:01]} Kd7 {[%emt 0:00:32]} 25. b3 {[%emt 0:00:39]} Rhe8 {[%emt 0:01:59]} 26. Rd1 Re4 {[%emt 0:02:30]} 27. g3 {[%emt 0:00:51]} Kd6 {[%emt 0:02:12]} 28. c4 Bxc4 {[%emt 0:01:56]} 29. bxc4 {[%emt 0:00:37]} Rxc4+ {[%emt 0:00:07]} 30. Kd2 {[%emt 0:00:15]} Rd4+ {[%emt 0:00:15]} 31. Ke2 {[%emt 0:00:32]} Rb2+ {[%emt 0:00:46]} 32. Ke1 {[%emt 0:00:04]} Rxd1+ {[%emt 0:00:24]} 33. Kxd1 {[%emt 0:00:08]} Rxh2 {[%emt 0:00:06]} 0-1

[Event "FIDE Zonal 2.5 Open 2019"]
[Site "Montevideo"]
[Date "2019.04.14"]
[Round "2.27"]
[White "Avedisian, Alexander"]
[Black "Ramirez Dominguez, Agustin"]
[Result "1/2-1/2"]
[WhiteElo "1898"]
[BlackElo "1907"]
[Annotator "NA"]
[PlyCount "96"]
[EventDate "2019.04.13"]
[EventType "swiss"]
[EventCountry "URU"]
[SourceTitle "playchess.com"]
[Source "ChessBase"]
[SourceQuality "1"]
[TimeControl "40/5400+30:1800+30"]

1. g3 {[%emt 0:00:00]} g6 {[%emt 0:00:03]} 2. Bg2 {[%emt 0:00:00]} Bg7 {[%emt 0:00:05]} 3. Nf3 {[%emt 0:00:00]} Nf6 {[%emt 0:00:40]} 4. O-O {[%emt 0:00:00]} O-O 5. c4 c5 {[%emt 0:03:36]} 6. Nc3 {[%emt 0:00:39]} d5 {[%emt 0:01:21]} 7. cxd5 {[%emt 0:05:16]} Nxd5 {[%emt 0:01:23]} 8. Nxd5 {[%emt 0:00:14]} Qxd5 {[%emt 0:00:09]} 9. d3 {[%emt 0:00:20]} Nc6 {[%emt 0:01:44]} 10. Ng5 {[%emt 0:01:22]} Qd7 {[%emt 0:02:54]} 11. Qa4 {[%emt 0:03:03]} Nd4 {[%emt 0:05:04]} 12. Qd1 {[%emt 0:01:45]} Rb8 {[%emt 0:03:24]} 13. Nf3 {[%emt 0:08:04]} Nxf3+ {[%emt 0:04:29]} 14. Bxf3 {[%emt 0:00:25]} b6 {[%emt 0:00:07]} 15. Qc2 {[%emt 0:06:05]} Bb7 {[%emt 0:01:53]} 16. Bxb7 {[%emt 0:00:43]} Qxb7 {[%emt 0:00:07]} 17. Bd2 {[%emt 0:00:50]} Rbc8 {[%emt 0:01:28]} 18. Bc3 {[%emt 0:01:08]} Rfd8 {[%emt 0:04:24]} 19. Bxg7 {[%emt 0:00:26]} Kxg7 {[%emt 0:00:00]} 20. Qc3+ {[%emt 0:01:26]} Kg8 21. a4 {[%emt 0:03:56]} a6 {[%emt 0:05:40]} 22. b4 {[%emt 0:03:39]} cxb4 {[%emt 0:01:59]} 23. Qxb4 {[%emt 0:00:15]} Rc2 {[%emt 0:00:54]} 24. Rfe1 {[%emt 0:03:07]} Rc7 {[%emt 0:03:19]} 25. Rab1 {[%emt 0:00:23]} Rb8 {[%emt 0:01:06]} 26. e4 {[%emt 0:05:34]} b5 {[%emt 0:01:47]} 27. axb5 {[%emt 0:09:05]} Qxb5 {[%emt 0:02:47]} 28. Qa3 {[%emt 0:08:19]} Qxb1 {[%emt 0:00:52]} 29. Rxb1 {[%emt 0:00:06]} Rxb1+ {[%emt 0:00:07]} 30. Kg2 {[%emt 0:00:03]} Ra7 {[%emt 0:02:10]} 31. Qa5 {[%emt 0:00:48]} Rbb7 {[%emt 0:00:42]} 32. Kf3 {[%emt 0:05:32]} Kg7 33. g4 {[%emt 0:00:23]} f6 {[%emt 0:03:01]} 34. h4 {[%emt 0:01:10]} Rb5 {[%emt 0:01:18]} 35. Qa4 {[%emt 0:00:35]} Rb6 {[%emt 0:01:02]} 36. g5 {[%emt 0:05:54]} a5 {[%emt 0:01:32]} 37. Kg4 {[%emt 0:10:30]} Rb4 {[%emt 0:01:48]} 38. Qa3 {[%emt 0:00:10]} h5+ {[%emt 0:01:02]} 39. gxh6+ {[%emt 0:01:10]} Kxh6 {[%emt 0:00:12]} 40. f4 {[%emt 0:02:53]} Rb5 {[%emt 0:03:35]} 41. f5 {[%emt 0:32:44]} gxf5+ {[%emt 0:30:53]} 42. exf5 {[%emt 0:00:05]} a4 {[%emt 0:00:57]} 43. Qc1+ {[%emt 0:04:47]} Kg7 {[%emt 0:02:24]} 44. Qe3 {[%emt 0:00:00]} Rba5 {[%emt 0:00:00]} 45. h5 {[%emt 0:00:00]} e5 {[%emt 0:00:00]} 46. h6+ {[%emt 0:00:00]} Kh7 {[%emt 0:00:00]} 47. Kh5 {[%emt 0:00:00]} R5a6 {[%emt 0:00:00]} 48. Qg1 {[%emt 0:03:24]} a3 {[%emt 0:00:00]} 1/2-1/2